000 00565cam a22002053a 4500
001 38013
003 PGUSA
005 20140828083832.0
008 111114s2011||||xxu|||||s|||||000 | eng d
040 _aPGUSA
_beng
042 _adc
100 1 _aLucas, Frederic A.
245 1 0 _aAnimals of the Past
_h[electronic resource] /
_cFrederic A. Lucas
260 _bProject Gutenberg,
_c2011
506 _aPublic domain in the USA.
516 _aElectronic text
830 0 _aProject Gutenberg
_v38013
856 4 0 _uhttp://www.gutenberg.org/ebooks/38013
942 _cEB
999 _c267267
_d267267